000 00440nam a2200181Ia 4500
001 1768
005 20260306143753.0
008 260306t2010||||xx |||||||||||||| ||spa||
041 _aESP
082 _a155.4
_bB85
100 _aBruner, Jerome
_eAUT
245 0 _aEl habla del niño:
_baprendiendo a usar el lenguaje
260 _c2010
300 _a141 páginas :
_c22 cm.
650 _aGEN
654 _aCPS
942 _cLIB
_dJUS
_fJUS
_2ddc
_n
999 _c1768
_d1768